[Event "Marseille op 5th"]
[Site "Marseille"]
[Date "2012.12.26"]
[Round "2"]
[White "Loysel, Yves"]
[Black "Pieri, Yannick"]
[Result "1-0"]
[WhiteElo "1748"]
[BlackElo "1493"]
[PlyCount "89"]
[EventDate "2012.12.26"]
[EventType "swiss"]
[EventRounds "9"]
[EventCountry "FRA"]
[SourceTitle "EXT 2014"]
[Source "ChessBase"]
[SourceDate "2013.11.20"]
[SourceVersion "1"]
[SourceVersionDate "2013.11.20"]
[SourceQuality "1"]

1. e4 c5 2. Nc3 d6 3. f4 g6 4. Nf3 Bg7 5. Bc4 Nf6 6. d3 0-0 7. 0-0 e6 8. Qe1 d5 9. Bb3 Qb6 10. Kh1 d4 11. Nd1 Bd7 12. Qh4 Bc6 13. Nf2 Nbd7 14. Ne5 Nxe5 15. fxe5 Nd7 16. Ng4 Nxe5 17. Nf6+ Bxf6 18. Rxf6 h5 19. h3 Kg7 20. Bg5 a5 21. Rff1 f5 22. Bh6+ Kxh6 23. Qf4+ Kh7 24. Qxe5 Bd7 25. Rf2 a4 26. Bc4 Qxb2 27. Raf1 Qb6 28. g4 Qc6 29. gxh5 gxh5 30. Rf4 Rg8 31. Rh4 Rg5 32. Qf6 Rag8 33. Qf7+ R8g7 34. Rxh5+ Rxh5 35. Qxh5+ Kg8 36. Rxf5 Qd6 37. Qh4 Qg3 38. Qxg3 Rxg3 39. Kh2 Rg6 40. Rxc5 Rf6 41. Kg3 Rf1 42. Rc7 Rf7 43. Rxb7 Rg7+ 44. Kf4 Rf7+ 45. Ke5 1-0